Gares de la ligne de Rennes à Châteaubriant - Statistiques

Statistiques générales
  • Ce quiz a été pris 18 fois
  • Le résultat moyen est 8 sur 10
Statistiques - réponses
Département Gare % Correct
Loire-Atlantique (44) Châteaubriant
100%
Ille-et-Villaine (35) Rennes
100%
(35) Vern
87%
(35) Janzé
80%
(35) La Poterie
73%
(35) Retiers
73%
Ille-et-Villaine (35) Martigné-Ferchaud
67%
(35) Corps-Nuds
60%
(35) Saint-Armel
60%
(35) Le Theil-de-Bretagne
53%
Aucun quiz correspondant
Distribution des résultats
% des personnes avec chaque résultat
Percentile par nombre de réponses
Votre historique - résultats
Vous n’avez pas pris ce quiz